| 000 | 01323cam a2200397 i 4500 | ||
|---|---|---|---|
| 999 |
_c200448527 _d66739 |
||
| 003 | TR-AnTOB | ||
| 005 | 20220412093000.0 | ||
| 007 | ta | ||
| 008 | 110726s2015 tu 0 tu | ||
| 020 | _a9789756153482 (set) | ||
| 020 | _a9789756153499 (volume 1) | ||
| 020 | _a9789756153505 (volume 2) | ||
| 020 | _a9789756153512 (volume 3) | ||
| 040 |
_aTR-AnTOB _beng _erda _cTR-AnTOB |
||
| 041 | 0 | _atur | |
| 050 | 1 | 4 |
_aPL248.İ536 _bZ672 2015 |
| 090 |
_aPL248.İ536 _bZ672 2015 |
||
| 100 | 1 |
_aİnan, Mehmet Akif, _d1940-2000 _955515 |
|
| 245 | 1 | 0 |
_aM.Akif İnan Eserleri / _cM.Akif Inan ; hazırlayan Hıdır Yıldırım. |
| 264 | 1 |
_aAnkara : _bEğitim-Bir-Sen Yayınları, _c2015. |
|
| 300 |
_avolumes : _c21 cm |
||
| 336 |
_2rdacontent _atext _btxt |
||
| 337 |
_2rdamedia _aunmediated _bn |
||
| 338 |
_2rdacarrier _avolume _bnc |
||
| 490 | 0 |
_aEğitim-Bir-Sen Yayınları ; _v55 _aEdebiyat Dizisi ; _v13 |
|
| 504 | _aBIB | ||
| 600 | 1 | 0 |
_955515 _aİnan, Mehmet Akif, _d1940-2000 |
| 650 | 7 |
_aYazarlar _953503 _2etuturkob _vBiyografi _zTürkiye |
|
| 650 | 0 |
_aTürk edebiyatı _99453 _xTarih ve eleştiri _y20th century |
|
| 650 | 7 |
_aŞairler, Türk _9101951 _2etuturkob |
|
| 700 | 1 |
_aYıldırım, Hıdır _eeditor _9116858 |
|
| 902 | _a0029738 | ||
| 903 | _aMerkez Kütüphane | ||
| 942 |
_cBK _2lcc |
||